| 000 | 00779nam a22003017a 4500 | ||
|---|---|---|---|
| 001 | BR9510616 | ||
| 003 | BR-BrBNA | ||
| 005 | 20230928094831.0 | ||
| 007 | ta | ||
| 008 | 230509b bl.||||| |||| 00| 0 por d | ||
| 040 |
_aBR-BrBNA _bpor _cBiblioteca Nacional de Agricultura |
||
| 041 | _a(Por) | ||
| 072 | _aP36 | ||
| 090 | _ P36 BR9510616 | ||
| 100 | 1 | _aAssis, A.F.F. de | |
| 100 | 1 | _aBertolini, D. | |
| 100 | 1 | _aCarraro, E. | |
| 110 | 1 | _aCoordenadoria de Assistencia Tecnica Integral, Campinas, SP (Brasil) | |
| 245 | 1 | _aConservacao do solo | |
| 250 | 1 | _a2. ed. | |
| 260 | 3 |
_aCampinas, SP (Brasil): _c1978. |
|
| 300 | _a42 p. | ||
| 500 | _a14 ref. | ||
| 650 | _aSolo | ||
| 650 | _aConservacao do Solo | ||
| 909 |
_a202309 _bLucia _c55 _dLucia Elande |
||
| 942 | _cBK | ||
| 999 |
_c52913 _d52913 |
||